000 01182nam a2200349 i 4500
003 CO-BoRNBP
005 20230317200823.0
007 ta
008 221116s2022 ck er ||| 000 jdspa d
020 _a9786287565401
040 _aCO-BoRNBP
_bspa
_erda
_cCO-BoRNBP
041 0 _aspa
043 _an-mx---
084 _aC RUL1
100 1 _aRulfo, Juan
_d1917-1986
_eautor
_9417
245 1 3 _aEl llano en llamas
_cJuan Rulfo
250 _aEdición especial
264 1 _aBogotá, Colombia
_bEdiciones Urano
_c2022
300 _a169 páginas
_c21 cm
336 _atexto
_btxt
_2rdacontent
337 _asin mediación
_bn
_2rdamedia
338 _avolumen
_bnc
_2rdacarrier
490 0 _aPlan Nacional de Lectura y Escritura Leer es mi Cuento / Ministerio de Cultura
521 _aRecomendado para un público adulto
545 _aIncluye datos biográficos del autor en la contracarátula
650 1 7 _aCuentos mexicanos
_ySiglo XX
_2LEMB
_9418
650 1 7 _aLiteratura mexicana
_ySiglo XX
_2LEMB
_9412
650 1 7 _aAutores mexicanos
_ySiglo XX
_2LEMB
_9419
650 1 7 _aSoledad en la literatura
_2LEMB
_9420
650 1 7 _aViolencia en la literatura
_2LEMB
_9421
942 _cBKLIT
999 _c9255
_d9255